[Event "2. Bundesliga Ost 2017/2018"]
[Site "alle Wien"]
[Date "2018.01.14"]
[Round "7"]
[Board "2"]
[White "Hofmann, Thomas"]
[Black "Bauer, Thomas"]
[Result "1-0"]
[WhiteElo "2304"]
[BlackElo "2168"]
[PlyCount "127"]
[EventDate "2017.10.21"]
[EventType "team"]
[EventRounds "11"]
[EventCountry "AUT"]
[WhiteTeam "SK Mostarrichi"]
[BlackTeam "L.A. Kraftanlage Ottakring 2"]

1. d4 Nf6 2. c4 c5 3. d5 e6 4. Nc3 exd5 5. cxd5 d6 6. e4 g6 7. f4 Bg7 8. Nf3
O-O 9. Be2 Re8 10. Nd2 Na6 11. O-O Rb8 12. a4 Nb4 13. Bf3 b6 14. Nc4 Ba6 15.
Qb3 Nc2 16. Qxc2 Bxc4 17. Rd1 h5 18. h3 Rb7 19. g3 Rbe7 20. Be3 Nd7 21. Bf2 Qc8
22. e5 dxe5 23. Ne4 exf4 24. Nd6 Qb8 25. Nxc4 fxg3 26. Be1 Qf4 27. Kg2 Ne5 28.
Nxe5 Rxe5 29. Bxg3 Rg5 30. Bg4 Rxg4 31. hxg4 Qxg4 32. Re1 Be5 33. Re3 h4 34.
Rae1 f6 35. d6 hxg3 36. Qb3+ c4 37. Rxg3 cxb3 38. Rxg4 Rd8 39. Rd1 Kf7 40. d7
Bxb2 41. Rg3 Ke6 42. Rxb3 Be5 43. Rbd3 g5 44. Kf3 Ke7 45. Rh1 Ke6 46. Rh7 Bf4
47. Rd1 Bd6 48. Re1+ Be5 49. Rd1 Bf4 50. Re1+ Be5 51. Rd1 Bc7 52. Rc1 Bf4 53.
Re1+ Kd6 54. Ree7 a6 55. Ke4 Be5 56. Kf5 Kc7 57. Ke6 Kc6 58. Re8 Bc7 59. Rh1 b5
60. axb5+ axb5 61. Rc1+ Kb7 62. Ke7 Rb8 63. Rxc7+ Kxc7 64. Rxb8  1-0

[Event "2. Bundesliga Ost 2017/2018"]
[Site "alle Wien"]
[Date "2018.01.14"]
[Round "7"]
[Board "3"]
[White "Plank, Franz"]
[Black "Ehs, Dominik"]
[Result "1-0"]
[WhiteElo "2197"]
[BlackElo "2082"]
[PlyCount "135"]
[EventDate "2017.10.21"]
[EventType "team"]
[EventRounds "11"]
[EventCountry "AUT"]
[WhiteTeam "L.A. Kraftanlage Ottakring 2"]
[BlackTeam "SK Mostarrichi"]

1. e4 c5 2. d4 cxd4 3. Qxd4 Nc6 4. Qd3 d6 5. c4 Nf6 6. Nc3 e6 7. Nf3 Be7 8. Be2
O-O 9. O-O b6 10. Bf4 Bb7 11. Rad1 Nb4 12. Qb1 Qb8 13. h3 Nc6 14. Rd2 Ne5 15.
Rfd1 a6 16. a3 Qc7 17. Nxe5 dxe5 18. Be3 Rad8 19. b4 Rxd2 20. Rxd2 Bc6 21. f3
Nh5 22. b5 axb5 23. cxb5 Ba8 24. Na4 Bxa3 25. Rc2 Qe7 26. Nxb6 Nf4 27. Bf1 Bb7
28. Na4 Rc8 29. Rxc8+ Bxc8 30. Qc2 Bb7 31. Nc5 Bxc5 32. Bxc5 Qd7 33. Bb6 Ng6
34. Qc7 Qxc7 35. Bxc7 f5 36. Bc4 fxe4 37. Bxe6+ Kf8 38. fxe4 Nf4 39. Bd6+ Ke8
40. Bg8 Bxe4 41. Bxe5 Nxg2 42. Bxg7 Nf4 43. h4 Kd7 44. Kf2 Ne6 45. Ke3 Bf5 46.
Be5 Kc8 47. Kd2 Kb7 48. Kc3 Kb6 49. Kb4 h5 50. Bf7 Bg4 51. Bg3 Ng7 52. Bf2+ Kc7
53. Bd5 Bc8 54. b6+ Kd6 55. Kc4 Ba6+ 56. Kd4 Ne6+ 57. Ke4 Nd8 58. Bb3 Be2 59.
Kf5 Bf3 60. Bg3+ Kc6 61. Bc7 Nb7 62. Kf4 Be2 63. Bf7 Nc5 64. Kg5 Ne4+ 65. Kf5
Nc5 66. Kg6 Ne4 67. Bd5+ Kxd5 68. b7  1-0

[Event "2. Bundesliga Ost 2017/2018"]
[Site "alle Wien"]
[Date "2018.01.14"]
[Round "7"]
[Board "4"]
[White "Steiner, Heinz"]
[Black "Mayrhuber, Nikola"]
[Result "1-0"]
[WhiteElo "2141"]
[BlackElo "2078"]
[PlyCount "101"]
[EventDate "2017.10.21"]
[EventType "team"]
[EventRounds "11"]
[EventCountry "AUT"]
[WhiteTeam "SK Mostarrichi"]
[BlackTeam "L.A. Kraftanlage Ottakring 2"]

1. d4 d5 2. Nf3 Nf6 3. Bg5 e6 4. e3 c5 5. c3 Nc6 6. Nbd2 Be7 7. Bd3 h6 8. Bh4
O-O 9. O-O b6 10. Qe2 Bb7 11. Rfe1 Qc7 12. e4 dxe4 13. Nxe4 Nxe4 14. Qxe4 g6
15. Qg4 Bxh4 16. Qxh4 Kg7 17. Be4 Ne7 18. Bxb7 Qxb7 19. Qf4 cxd4 20. Qe5+ Kh7
21. Nxd4 Rac8 22. Rad1 Rc5 23. Qf6 Nd5 24. Qf3 Qe7 25. Nb3 Qf6 26. Qxf6 Nxf6
27. Nxc5 bxc5 28. Rd6 Rb8 29. b3 Rc8 30. f3 Kg7 31. Red1 Rc7 32. c4 Kf8 33. Ra6
Nd7 34. a4 Ke7 35. Rad6 Ne5 36. Kf2 Rb7 37. f4 Ng4+ 38. Kf3 Nf6 39. R1d3 Rc7
40. Rd8 Nd7 41. Rh8 h5 42. h3 Nf8 43. g4 hxg4+ 44. hxg4 g5 45. f5 Nd7 46. Re3
Kf6 47. fxe6 Ne5+ 48. Kg3 fxe6 49. Rh6+ Ng6 50. Rf3+ Kg7 51. Rh5  1-0

[Event "2. Bundesliga Ost 2017/2018"]
[Site "alle Wien"]
[Date "2018.01.14"]
[Round "7"]
[Board "5"]
[White "Scheffknecht, Philipp"]
[Black "Gaertner, Markus"]
[Result "1-0"]
[WhiteElo "2129"]
[BlackElo "2077"]
[PlyCount "69"]
[EventDate "2017.10.21"]
[EventType "team"]
[EventRounds "11"]
[EventCountry "AUT"]
[WhiteTeam "L.A. Kraftanlage Ottakring 2"]
[BlackTeam "SK Mostarrichi"]

1. Nf3 Nf6 2. g3 g6 3. b3 Bg7 4. Bb2 c5 5. Bg2 O-O 6. c4 Nc6 7. O-O d6 8. d4
cxd4 9. Nxd4 Nxd4 10. Bxd4 Qc7 11. Nc3 a6 12. Rc1 Bd7 13. Bxf6 exf6 14. Ne4 Bc6
15. Qxd6 Qa5 16. Nxf6+ Bxf6 17. Qxf6 Bxg2 18. Kxg2 Qxa2 19. Qf3 Rfe8 20. Rfe1
Re7 21. Rcd1 Rae8 22. Rd6 Qa5 23. Red1 b5 24. c5 Qc7 25. b4 a5 26. bxa5 Qxc5
27. R1d5 Qa7 28. Rxb5 Rxe2 29. a6 R8e3 30. Qf6 Qa8+ 31. Rb7 Re7 32. Qf3 Qe8 33.
Rdb6 R7e3 34. Rb8 Rxf3 35. Kxf3  1-0

[Event "2. Bundesliga Ost 2017/2018"]
[Site "alle Wien"]
[Date "2018.01.14"]
[Round "7"]
[Board "6"]
[White "Poell, Markus"]
[Black "Peyrer, Konstantin"]
[Result "1/2-1/2"]
[WhiteElo "2125"]
[BlackElo "2133"]
[PlyCount "239"]
[EventDate "2017.10.21"]
[EventType "team"]
[EventRounds "11"]
[EventCountry "AUT"]
[WhiteTeam "SK Mostarrichi"]
[BlackTeam "L.A. Kraftanlage Ottakring 2"]

1. d4 Nf6 2. Bf4 e6 3. e3 d5 4. Bd3 Nbd7 5. Nd2 Bd6 6. Bxd6 cxd6 7. c3 e5 8.
Ne2 Qe7 9. Qb3 O-O 10. Ng3 Nb6 11. a4 Be6 12. a5 Nc8 13. Be2 Nd7 14. Bf3 Nf6
15. Qb4 Qc7 16. O-O Ne7 17. a6 bxa6 18. Rxa6 Rfb8 19. Qa3 Rb6 20. Rxb6 Qxb6 21.
dxe5 Ne8 22. exd6 Nxd6 23. Ra1 Rb8 24. b3 Nec8 25. Qa5 Qxa5 26. Rxa5 Nb5 27. c4
dxc4 28. bxc4 Nbd6 29. Bd5 Bd7 30. h3 Kf8 31. Ra2 Ke7 32. c5 Ne8 33. c6 Be6 34.
Bxe6 fxe6 35. Nge4 Ned6 36. Rc2 a5 37. Nc5 Rb6 38. Na4 Rb4 39. Nc5 Rb6 40. Nd7
Rb5 41. Nf3 a4 42. Nc5 a3 43. Na4 Ra5 44. Nc3 Rc5 45. Nd4 a2 46. Nxa2 Ra5 47.
Kf1 e5 48. Nf3 h6 49. Nc1 Kf6 50. Nb3 Rb5 51. Nc5 Nf7 52. Ke2 Rb4 53. g4 Ke7
54. Nd7 Rb5 55. Nc5 Rb4 56. Kf1 Rb1+ 57. Kg2 Rb5 58. Nh4 Kf6 59. Nf5 g6 60.
Ne4+ Ke6 61. Nfg3 Rb6 62. f4 exf4 63. exf4 Kd5 64. Nf6+ Ke6 65. Nd7 Rb4 66.
Nf8+ Kf6 67. Nd7+ Ke6 68. f5+ gxf5 69. Nxf5 Rb1 70. Kg3 Rg1+ 71. Kf2 Rh1 72.
Kg2 Rb1 73. Rc3 Kd5 74. Kg3 Ke4 75. Nf6+ Ke5 76. Ng8 h5 77. Nge7 hxg4 78. hxg4
Nb6 79. Rc5+ Ke4 80. c7 Ne5 81. c8=Q Nxc8 82. Rxc8 Rg1+ 83. Kf2 Rxg4 84. Ng3+
Kd3 85. Rd8+ Rd4 86. Ra8 Nc4 87. Ng6 Rd7 88. Ne2 Rf7+ 89. Ngf4+ Kc2 90. Rc8 Kb3
91. Kf3 Kb4 92. Nd4 Rd7 93. Nc2+ Kb3 94. Ne1 Kc3 95. Ned3 Kd4 96. Nb4 Ne5+ 97.
Ke2 Ke4 98. Ne6 Kf5 99. Nc5 Rd4 100. Nc2 Rh4 101. Rf8+ Kg6 102. Ne1 Rc4 103.
Ne6 Re4+ 104. Kf1 Nd7 105. Rd8 Rxe6 106. Rxd7 Kf5 107. Kf2 Ra6 108. Kf3 Ra3+
109. Nd3 Ra4 110. Rd5+ Ke6 111. Rb5 Kf6 112. Nb4 Ra7 113. Kf4 Ra1 114. Rb6+ Kf7
115. Nd5 Rd1 116. Ke5 Re1+ 117. Kf5 Rf1+ 118. Nf4 Re1 119. Rh6 Rg1 120. Rh7+
 1/2-1/2

[Event "2. Bundesliga Ost 2017/2018"]
[Site "alle Wien"]
[Date "2018.01.14"]
[Round "7"]
[Board "1"]
[White "Penz, Harald"]
[Black "Mazur, Stefan"]
[Result "0-1"]
[WhiteElo "2311"]
[BlackElo "2444"]
[PlyCount "52"]
[EventDate "2017.10.21"]
[EventType "team"]
[EventRounds "11"]
[EventCountry "AUT"]
[WhiteTeam "SK Hietzing"]
[BlackTeam "SK Austria"]

1. e4 e5 2. Nf3 Nc6 3. Bc4 Nf6 4. Ng5 d5 5. exd5 Na5 6. Bb5+ c6 7. dxc6 bxc6 8.
Qf3 Be7 9. Bxc6+ Nxc6 10. Qxc6+ Bd7 11. Qf3 Rc8 12. O-O O-O 13. d3 Ng4 14. h3
Nh6 15. Ne4 Nf5 16. Qd1 Nh4 17. Nbd2 f5 18. Nc3 Bc6 19. f3 Bc5+ 20. Kh2 Nxg2
21. Nb3 Ne3 22. Bxe3 Bxe3 23. Qe2 Bf4+ 24. Kh1 Qh4 25. Rf2 Qxh3+ 26. Kg1 Rf6
 0-1

[Event "2. Bundesliga Ost 2017/2018"]
[Site "alle Wien"]
[Date "2018.01.14"]
[Round "7"]
[Board "2"]
[White "Hangweyrer, Manfred"]
[Black "Djeno, Drago"]
[Result "1-0"]
[WhiteElo "2370"]
[BlackElo "2238"]
[PlyCount "123"]
[EventDate "2017.10.21"]
[EventType "team"]
[EventRounds "11"]
[EventCountry "AUT"]
[WhiteTeam "SK Austria"]
[BlackTeam "SK Hietzing"]

1. e4 c5 2. Nf3 d6 3. Bc4 g6 4. O-O Bg7 5. c3 Nf6 6. Re1 O-O 7. Bb3 Bg4 8. h3
Bxf3 9. Qxf3 Nc6 10. d3 b5 11. Qd1 Nd7 12. Be3 Qb6 13. Nd2 b4 14. Nc4 Qa6 15.
Qd2 bxc3 16. bxc3 Na5 17. Nxa5 Qxa5 18. Rac1 Rac8 19. Red1 Nb6 20. Qe1 Na4 21.
d4 c4 22. Bxa4 Qxa4 23. Qd2 Rb8 24. Rb1 Rb5 25. Rxb5 Qxb5 26. Bg5 Re8 27. f4 e6
28. Rf1 f5 29. Re1 fxe4 30. Rxe4 Kf7 31. Re1 Qf5 32. Qb2 h6 33. Bh4 Kg8 34. Bg3
Kh7 35. Kh2 Re7 36. Qb8 d5 37. Qd6 Rb7 38. Qxe6 Rb2 39. Re2 Rxe2 40. Qxe2 h5
41. Qe7 a6 42. a4 Qf6 43. Qxf6 Bxf6 44. Be1 Kg7 45. g4 hxg4 46. hxg4 Kf7 47. f5
gxf5 48. gxf5 Bg5 49. Kg3 Kg7 50. Kg4 Kf6 51. a5 Bh6 52. Bh4+ Kf7 53. Be1 Bf8
54. Bg3 Be7 55. Bc7 Ba3 56. Kf4 Ke7 57. Ke5 Kd7 58. Bb6 Kc6 59. Ke6 Bb2 60. f6
Bc1 61. f7 Bh6 62. Bc5  1-0

[Event "2. Bundesliga Ost 2017/2018"]
[Site "alle Wien"]
[Date "2018.01.14"]
[Round "7"]
[Board "3"]
[White "Belke, Frank"]
[Black "Sardy, Peter"]
[Result "0-1"]
[WhiteElo "2299"]
[BlackElo "2358"]
[PlyCount "72"]
[EventDate "2017.10.21"]
[EventType "team"]
[EventRounds "11"]
[EventCountry "AUT"]
[WhiteTeam "SK Hietzing"]
[BlackTeam "SK Austria"]

1. d4 d6 2. c4 g6 3. Nc3 Bg7 4. e4 Nf6 5. Nge2 O-O 6. Ng3 c5 7. d5 e6 8. Bd3 a6
9. a4 exd5 10. cxd5 Ng4 11. h3 Ne5 12. Bc2 Qh4 13. Qe2 Nbd7 14. Be3 Rb8 15. Nf1
b5 16. axb5 axb5 17. Nxb5 c4 18. Ra5 Qd8 19. Bd2 Nc5 20. Ne3 Ned3+ 21. Kf1 c3
22. Nc4 Nxb2 23. Nbxd6 Nxc4 24. Nxc4 Nb7 25. Ra2 cxd2 26. Qxd2 Nd6 27. Nxd6
Qxd6 28. g3 f5 29. Kg2 Rb4 30. Re1 Rd4 31. Qa5 fxe4 32. Rxe4 Qd7 33. g4 Qf7 34.
Qe1 Qf3+ 35. Kg1 Qxh3 36. Ra8 Be5  0-1

[Event "2. Bundesliga Ost 2017/2018"]
[Site "alle Wien"]
[Date "2018.01.14"]
[Round "7"]
[Board "4"]
[White "Nagy, Bence"]
[Black "Todor, Razvan"]
[Result "0-1"]
[WhiteElo "2343"]
[BlackElo "2144"]
[PlyCount "58"]
[EventDate "2017.10.21"]
[EventType "team"]
[EventRounds "11"]
[EventCountry "AUT"]
[WhiteTeam "SK Austria"]
[BlackTeam "SK Hietzing"]

1. e4 e6 2. d4 d5 3. Nc3 Be7 4. e5 c5 5. Qg4 g5 6. dxc5 h5 7. Bb5+ Bd7 8. Qe2
Bxc5 9. Nh3 g4 10. Nf4 Nc6 11. O-O Nd4 12. Bxd7+ Qxd7 13. Qd3 Ne7 14. b4 Bb6
15. Bb2 Nef5 16. a4 a6 17. Rad1 O-O-O 18. b5 a5 19. Ncxd5 exd5 20. c3 Nf3+ 21.
gxf3 Ne7 22. Ba3 gxf3 23. Qxf3 Qf5 24. Bxe7 Rdg8+ 25. Kh1 Rg4 26. Qxd5 Rxf4 27.
f3 Rg8 28. Bc5 Qh3 29. Rg1 Qxh2+  0-1

[Event "2. Bundesliga Ost 2017/2018"]
[Site "alle Wien"]
[Date "2018.01.14"]
[Round "7"]
[Board "5"]
[White "Wagner, Stefan"]
[Black "Druckenthaner, Andreas"]
[Result "1/2-1/2"]
[WhiteElo "2132"]
[BlackElo "2277"]
[PlyCount "82"]
[EventDate "2017.10.21"]
[EventType "team"]
[EventRounds "11"]
[EventCountry "AUT"]
[WhiteTeam "SK Hietzing"]
[BlackTeam "SK Austria"]

1. b4 e5 2. Bb2 d6 3. e3 Nf6 4. Nf3 g6 5. c4 Bg7 6. Nc3 O-O 7. d3 Nh5 8. Be2 f5
9. Nd2 Nf6 10. Nd5 Be6 11. Bf3 Nbd7 12. Rb1 Rb8 13. Nxf6+ Nxf6 14. h4 h6 15. a4
Qe7 16. Qc2 Qf7 17. d4 e4 18. Be2 c6 19. b5 g5 20. hxg5 hxg5 21. Ba3 Qc7 22.
bxc6 bxc6 23. Rxb8 Rxb8 24. O-O c5 25. dxc5 dxc5 26. Rb1 Nd7 27. Rxb8+ Qxb8 28.
g4 Qe5 29. Kg2 Nf8 30. gxf5 Bxf5 31. Nf1 Bd7 32. Ng3 Bc6 33. Qd2 Bxa4 34. Qa5
Bc6 35. Qxa7 Ne6 36. Bg4 Nf4+ 37. Kh2 Nd3 38. Kg2 Ne1+ 39. Kh3 Nd3 40. Kg2 Ne1+
41. Kh3 Nd3  1/2-1/2

[Event "2. Bundesliga Ost 2017/2018"]
[Site "alle Wien"]
[Date "2018.01.14"]
[Round "7"]
[Board "6"]
[White "Newrkla, Katharina"]
[Black "Stadler, Peter"]
[Result "1-0"]
[WhiteElo "2168"]
[BlackElo "2035"]
[PlyCount "87"]
[EventDate "2017.10.21"]
[EventType "team"]
[EventRounds "11"]
[EventCountry "AUT"]
[WhiteTeam "SK Austria"]
[BlackTeam "SK Hietzing"]

1. e4 c5 2. Nf3 e6 3. d3 Nc6 4. g3 Nf6 5. Bg2 d5 6. Qe2 Be7 7. O-O Qc7 8. Bf4
Qb6 9. c4 dxe4 10. dxe4 O-O 11. e5 Nd7 12. Nc3 Nd4 13. Nxd4 cxd4 14. Na4 Qa5
15. b3 Nc5 16. Nxc5 Qxc5 17. Rad1 Rd8 18. Be4 f5 19. exf6 Bxf6 20. Qd3 g6 21.
Rfe1 Qh5 22. b4 Re8 23. Bf3 Qf5 24. Qxf5 gxf5 25. Be5 Bxe5 26. Rxe5 Rd8 27. Bg2
Rb8 28. f4 b6 29. Re2 d3 30. Red2 Rd4 31. Rxd3 Rxc4 32. Rd8+ Kf7 33. b5 Rc2 34.
Bc6 Kf6 35. Rf8+ Ke7 36. Rdd8 a6 37. Rfe8+ Kf7 38. Rxc8 Rxc8 39. Rxc8 Rxa2 40.
bxa6 Rxa6 41. Ra8 Rxa8 42. Bxa8 Kf6 43. Kf2 h5 44. h4  1-0

[Event "2. Bundesliga Ost 2017/2018"]
[Site "alle Wien"]
[Date "2018.01.14"]
[Round "7"]
[Board "1"]
[White "Stanec, Nikolaus"]
[Black "Juhasz, Armin"]
[Result "1/2-1/2"]
[WhiteElo "2470"]
[BlackElo "2363"]
[PlyCount "28"]
[EventDate "2017.10.21"]
[EventType "team"]
[EventRounds "11"]
[EventCountry "AUT"]
[WhiteTeam "SC Donaustadt"]
[BlackTeam "SK Sparkasse Bad Voeslau"]

1. e4 c6 2. c4 d5 3. exd5 Nf6 4. Nc3 cxd5 5. cxd5 Nxd5 6. Nf3 e6 7. d4 Be7 8.
Bd3 O-O 9. O-O Nc6 10. a3 Nxc3 11. bxc3 b6 12. Qe2 Bb7 13. Bb2 Bf6 14. Rad1 Rc8
 1/2-1/2

[Event "2. Bundesliga Ost 2017/2018"]
[Site "alle Wien"]
[Date "2018.01.14"]
[Round "7"]
[Board "2"]
[White "Juhasz, Kristof"]
[Black "Pingitzer, Harald"]
[Result "1/2-1/2"]
[WhiteElo "2404"]
[BlackElo "2330"]
[PlyCount "37"]
[EventDate "2017.10.21"]
[EventType "team"]
[EventRounds "11"]
[EventCountry "AUT"]
[WhiteTeam "SK Sparkasse Bad Voeslau"]
[BlackTeam "SC Donaustadt"]

1. Nf3 d5 2. g3 Nf6 3. Bg2 g6 4. b3 Bg7 5. Bb2 c5 6. O-O Nc6 7. d4 Ne4 8. e3
O-O 9. Nbd2 Bg4 10. h3 Nxd2 11. Qxd2 Bxf3 12. Bxf3 cxd4 13. exd4 e6 14. c3 b5
15. Qf4 Qb6 16. Qd2 Qd8 17. Qf4 Qb6 18. Qd2 Qd8 19. Qf4  1/2-1/2

[Event "2. Bundesliga Ost 2017/2018"]
[Site "alle Wien"]
[Date "2018.01.14"]
[Round "7"]
[Board "3"]
[White "Exler, Veronika"]
[Black "Plachetka, Jan"]
[Result "1/2-1/2"]
[WhiteElo "2175"]
[BlackElo "2314"]
[PlyCount "69"]
[EventDate "2017.10.21"]
[EventType "team"]
[EventRounds "11"]
[EventCountry "AUT"]
[WhiteTeam "SC Donaustadt"]
[BlackTeam "SK Sparkasse Bad Voeslau"]

1. d4 Nf6 2. c4 c5 3. d5 b5 4. cxb5 a6 5. bxa6 Bxa6 6. Nc3 d6 7. Nf3 g6 8. e4
Bxf1 9. Kxf1 Bg7 10. g3 O-O 11. Kg2 Nbd7 12. a4 Qb6 13. Qe2 Rfb8 14. Nb5 Ne8
15. Nd2 Qa6 16. Nc4 Rxb5 17. axb5 Qxa1 18. Bg5 Qa2 19. Bxe7 Qb3 20. Nxd6 Nxd6
21. Bxd6 Ra2 22. Rb1 Rxb2 23. Rxb2 Qxb2 24. Qxb2 Bxb2 25. Kf1 c4 26. Ke2 Bd4
27. f4 f6 28. Bb4 Kf7 29. Bd2 c3 30. Be3 c2 31. Bc1 Nc5 32. Kd2 Nxe4+ 33. Kd3
Nd6 34. Kxd4 Nxb5+ 35. Kc4  1/2-1/2

[Event "2. Bundesliga Ost 2017/2018"]
[Site "alle Wien"]
[Date "2018.01.14"]
[Round "7"]
[Board "4"]
[White "Wilke, Werner"]
[Black "Schwab, Lukas"]
[Result "1/2-1/2"]
[WhiteElo "2248"]
[BlackElo "2196"]
[PlyCount "60"]
[EventDate "2017.10.21"]
[EventType "team"]
[EventRounds "11"]
[EventCountry "AUT"]
[WhiteTeam "SK Sparkasse Bad Voeslau"]
[BlackTeam "SC Donaustadt"]

1. e4 e5 2. Nf3 Nc6 3. Nc3 Nf6 4. Bb5 Bc5 5. O-O O-O 6. Nxe5 Nxe5 7. d4 Bd6 8.
f4 Neg4 9. e5 Bb4 10. exf6 Nxf6 11. f5 c6 12. Bd3 d5 13. Bg5 Be7 14. Qf3 h6 15.
Be3 Kh8 16. Rae1 Ng8 17. Ne2 Bf6 18. c3 Qb6 19. b3 Qa5 20. Bb1 Bd7 21. b4 Qb6
22. Nf4 a5 23. a3 axb4 24. axb4 Ra3 25. Rc1 Re8 26. Nd3 Rxe3 27. Qxe3 Rxc3 28.
Kh1 Rxc1 29. Qxc1 Bxd4 30. Nc5 Nf6  1/2-1/2

[Event "2. Bundesliga Ost 2017/2018"]
[Site "alle Wien"]
[Date "2018.01.14"]
[Round "7"]
[Board "5"]
[White "Kropik, Martin"]
[Black "Miazhynski, Yuri"]
[Result "0-1"]
[WhiteElo "2107"]
[BlackElo "2156"]
[PlyCount "51"]
[EventDate "2017.10.21"]
[EventType "team"]
[EventRounds "11"]
[EventCountry "AUT"]
[WhiteTeam "SC Donaustadt"]
[BlackTeam "SK Sparkasse Bad Voeslau"]

1. d4 Nf6 2. c4 c5 3. d5 e6 4. Nc3 exd5 5. cxd5 d6 6. e4 g6 7. f4 Bg7 8. Nf3
O-O 9. Be2 Na6 10. O-O Nc7 11. Nd2 Re8 12. a4 b6 13. Re1 h5 14. h3 Bh6 15. Rf1
Ba6 16. Bxa6 Nxa6 17. Qf3 Nb4 18. Nc4 Nc2 19. Rb1 Nd4 20. Qd3 a6 21. e5 dxe5
22. fxe5 Bxc1 23. Rxf6 b5 24. Rxc1 bxc4 25. Qe4 Qxf6 26. exf6  0-1

[Event "2. Bundesliga Ost 2017/2018"]
[Site "alle Wien"]
[Date "2018.01.14"]
[Round "7"]
[Board "2"]
[White "Lipka, Juraj"]
[Black "Lendwai, Reinhard"]
[Result "1/2-1/2"]
[WhiteElo "2416"]
[BlackElo "2389"]
[PlyCount "89"]
[EventDate "2017.10.21"]
[EventType "team"]
[EventRounds "11"]
[EventCountry "AUT"]
[WhiteTeam "ASVOE Pamhagen 2"]
[BlackTeam "Blackburne Nickelsdorf"]

1. d4 d5 2. c4 c6 3. cxd5 cxd5 4. Nc3 Nc6 5. Nf3 Nf6 6. Bf4 a6 7. Rc1 Bf5 8.
Ne5 Rc8 9. e3 Qb6 10. Bd3 Bxd3 11. Nxd3 e6 12. O-O Be7 13. Na4 Qa7 14. Qe2 O-O
15. Rc2 Ne4 16. Rfc1 Bd6 17. Ne5 Bxe5 18. Bxe5 f6 19. Bf4 Rce8 20. Bc7 Rf7 21.
Bb6 Qb8 22. f3 Nd6 23. Bc5 Nf5 24. Nb6 Qd8 25. Qd3 g6 26. Kf2 Kg7 27. a4 h5 28.
Rd2 Qb8 29. Kg1 Rd8 30. Re1 Qc7 31. Qa3 h4 32. Rc1 Qb8 33. b4 Nd6 34. Qd3 Qc7
35. Qb3 Nf5 36. b5 axb5 37. axb5 Nce7 38. Qa3 Nd6 39. Na8 Qb8 40. Bxd6 Rxd6 41.
Rdc2 Qd8 42. Nc7 Kh7 43. Qa7 Nf5 44. Kf2 e5 45. Qc5  1/2-1/2

[Event "2. Bundesliga Ost 2017/2018"]
[Site "alle Wien"]
[Date "2018.01.14"]
[Round "7"]
[Board "3"]
[White "Bury, Rastislav"]
[Black "Maslik, Miroslav"]
[Result "1-0"]
[WhiteElo "2158"]
[BlackElo "2355"]
[PlyCount "65"]
[EventDate "2017.10.21"]
[EventType "team"]
[EventRounds "11"]
[EventCountry "AUT"]
[WhiteTeam "Blackburne Nickelsdorf"]
[BlackTeam "ASVOE Pamhagen 2"]

1. d4 Nf6 2. Nf3 d5 3. g3 Bf5 4. Bg2 e6 5. O-O Nbd7 6. c4 c6 7. Nc3 h6 8. Nd2
Bb4 9. e4 dxe4 10. Ndxe4 O-O 11. Bf4 Nxe4 12. Nxe4 Nf6 13. Nxf6+ Qxf6 14. Qb3
Ba5 15. Qxb7 Qxd4 16. b4 e5 17. Be3 Qb2 18. a3 Bd3 19. Rfc1 e4 20. Qxc6 Rac8
21. Qd5 Bb6 22. c5 Rfd8 23. Qf5 g6 24. Qg4 h5 25. Qh4 Bc7 26. Bxe4 Be5 27. Bxd3
Rxd3 28. Qe4 Rcd8 29. a4 f5 30. Qc4+ Kh7 31. Ra2 Rd1+ 32. Kg2 Rxc1 33. Qf7+  1-0

[Event "2. Bundesliga Ost 2017/2018"]
[Site "alle Wien"]
[Date "2018.01.14"]
[Round "7"]
[Board "5"]
[White "Rongitsch, Thomas"]
[Black "Rubil, Marko"]
[Result "1-0"]
[WhiteElo "2088"]
[BlackElo "2252"]
[PlyCount "99"]
[EventDate "2017.10.21"]
[EventType "team"]
[EventRounds "11"]
[EventCountry "AUT"]
[WhiteTeam "Blackburne Nickelsdorf"]
[BlackTeam "ASVOE Pamhagen 2"]

1. e4 e5 2. Nf3 Nc6 3. d4 exd4 4. Nxd4 Bc5 5. Be3 Qf6 6. c3 Nge7 7. Bc4 O-O 8.
O-O b6 9. Nxc6 Qxc6 10. Bxc5 Qxc5 11. Qd4 Qc6 12. Nd2 Bb7 13. Rfe1 Rad8 14. Nf3
d5 15. exd5 Nxd5 16. Qh4 Nf6 17. Bf1 Qd7 18. Re3 Qg4 19. Qxg4 Nxg4 20. Re7 Rc8
21. Bc4 a6 22. Rd1 b5 23. Bb3 Bc6 24. h3 Nh6 25. Ne5 Be8 26. g4 g6 27. Nd7 Bxd7
28. Rdxd7 c5 29. Bd5 Rcd8 30. Bxf7+ Nxf7 31. Rxf7 Rxf7 32. Rxd8+ Kg7 33. Kg2 h6
34. h4 c4 35. Rd6 Re7 36. Kf3 Re1 37. Rxa6 Rb1 38. a4 Rxb2 39. axb5 Rb3 40. Ke4
Rxc3 41. Kd4 Rf3 42. Rc6 Rf4+ 43. Ke5 Rxf2 44. Rc7+ Kg8 45. b6 Rb2 46. b7 Rb5+
47. Kd4 g5 48. h5 c3 49. Rc8+ Kf7 50. b8=Q  1-0

[Event "2. Bundesliga Ost 2017/2018"]
[Site "alle Wien"]
[Date "2018.01.14"]
[Round "7"]
[Board "6"]
[White "Alvir, Aco"]
[Black "Kuntner, Reinhard"]
[Result "0-1"]
[WhiteElo "2337"]
[BlackElo "2055"]
[PlyCount "126"]
[EventDate "2017.10.21"]
[EventType "team"]
[EventRounds "11"]
[EventCountry "AUT"]
[WhiteTeam "ASVOE Pamhagen 2"]
[BlackTeam "Blackburne Nickelsdorf"]

1. e4 Nf6 2. e5 Nd5 3. d4 d6 4. Nf3 Bg4 5. Be2 e6 6. h3 Bh5 7. c4 Nb6 8. exd6
cxd6 9. Nc3 Be7 10. d5 e5 11. g4 Bg6 12. h4 h5 13. g5 Na6 14. Be3 Rc8 15. Rc1
Bf5 16. Nb5 Nc5 17. b4 Ncd7 18. c5 a6 19. Na7 Ra8 20. cxb6 Nxb6 21. a4 Be4 22.
Bc4 Rxa7 23. a5 Nxc4 24. Rxc4 Bxf3 25. Qxf3 Ra8 26. O-O Rc8 27. Rxc8 Qxc8 28.
Rc1 Qd7 29. Kg2 g6 30. Bb6 Bd8 31. Bxd8 Qxd8 32. Qc3 Kd7 33. Qh3+ Ke7 34. Qf3
Rf8 35. Rc4 f5 36. Qc3 Kd7 37. Qc2 Qb8 38. Qa4+ Kd8 39. b5 axb5 40. Qxb5 Qa7
41. Qb4 Kd7 42. Qa4+ Kd8 43. Qa3 Kd7 44. Rb4 Rc8 45. Rb6 Rc5 46. Qb3 Kc7 47.
Qb4 f4 48. Kf3 Qa8 49. Rb5 Rxb5 50. Qxb5 Qd8 51. Qb1 Qd7 52. Qxg6 Qg4+ 53. Ke4
f3+ 54. Ke3 Qf4+ 55. Kd3 Qd4+ 56. Kc2 Qxf2+ 57. Kc3 Qc5+ 58. Kb2 Qxd5 59. Qg7+
Kc6 60. Qf8 Qd4+ 61. Kb3 Qd3+ 62. Kb2 Qe2+ 63. Kb3 f2  0-1

[Event "2. Bundesliga Ost 2017/2018"]
[Site "alle Wien"]
[Date "2018.02.24"]
[Round "8"]
[Board "1"]
[White "Jankovic, Alojzije"]
[Black "Galyas, Miklos"]
[Result "1/2-1/2"]
[WhiteElo "2568"]
[BlackElo "2506"]
[PlyCount "56"]
[EventDate "2017.10.21"]
[EventType "team"]
[EventRounds "11"]
[EventCountry "AUT"]
[WhiteTeam "SK Advisory Invest Baden"]
[BlackTeam "ASVOE Pamhagen 2"]

1. d4 d5 2. c4 c6 3. Nc3 Nf6 4. e3 a6 5. Qc2 g6 6. Bd3 Bg7 7. Nf3 O-O 8. O-O
Bg4 9. Ne5 Be6 10. b3 c5 11. cxd5 Nxd5 12. Nxd5 Bxd5 13. Qxc5 Bxe5 14. dxe5
Bxg2 15. Kxg2 Qxd3 16. Qxe7 Nc6 17. Qf6 Qe4+ 18. f3 Qxe5 19. Qxe5 Nxe5 20. Bb2
Nc6 21. Rad1 f5 22. Rd7 Rf7 23. Rfd1 Rxd7 24. Rxd7 Rd8 25. Rg7+ Kf8 26. Bf6 Rd6
27. Bc3 Rd3 28. Bf6 Rd6  1/2-1/2

[Event "2. Bundesliga Ost 2017/2018"]
[Site "alle Wien"]
[Date "2018.02.24"]
[Round "8"]
[Board "2"]
[White "Lipka, Juraj"]
[Black "Sharashenidze, Akaki"]
[Result "1/2-1/2"]
[WhiteElo "2416"]
[BlackElo "2351"]
[PlyCount "57"]
[EventDate "2017.10.21"]
[EventType "team"]
[EventRounds "11"]
[EventCountry "AUT"]
[WhiteTeam "ASVOE Pamhagen 2"]
[BlackTeam "SK Advisory Invest Baden"]

1. Nf3 d6 2. d4 Nf6 3. c4 g6 4. g3 Bg7 5. Bg2 O-O 6. O-O Nc6 7. d5 Na5 8. Na3
c5 9. Re1 a6 10. e4 Ng4 11. h3 Ne5 12. Nxe5 Bxe5 13. Rb1 Bd7 14. Bd2 b5 15. b3
Nb7 16. Kh2 Bg7 17. f4 Qc7 18. Nc2 b4 19. Bc1 a5 20. Bb2 a4 21. Bxg7 Kxg7 22.
Rb2 axb3 23. axb3 Ra6 24. Rf1 Rfa8 25. Qd2 Nd8 26. g4 f6 27. Ne3 Nf7 28. h4 Qa7
29. Rf2  1/2-1/2